书目信息 |
| 题名: |
三元里
|
|
| 作者: | 叶元 著 | |
| 分册: | ||
| 出版信息: | 上海 少年儿童出版社 1979 |
|
| 页数: | 210页 | |
| 开本: | 19cm | |
| 丛书名: | ||
| 单 册: | ||
| 中图分类: | I287.45 , I247.5 | |
| 科图分类: | ||
| 主题词: | 儿童文学-历史小说--中国--现代 , 历史小说-儿童文学--中国--现代 , 小说--中国 | |
| 电子资源: | ||
| ISBN: | ||
| 000 | 00657nam0 2200253 450 | |
| 001 | 1554405537 | |
| 005 | 20150125150708.67 | |
| 010 | @dCNY0.40 | |
| 091 | @aR10024.3596 | |
| 100 | @a20130329d1979 am y0chiy0110 ea | |
| 101 | 0 | @achi |
| 102 | @aCN@b310000 | |
| 105 | @af z 000fy | |
| 200 | 1 | @a三元里@9san yuan li@f叶元著 |
| 210 | @a上海@c少年儿童出版社@d1979 | |
| 215 | @a210页@c图@d19cm | |
| 606 | 0 | @a儿童文学-历史小说@y中国@z现代 |
| 606 | 0 | @a历史小说-儿童文学@y中国@z现代 |
| 606 | 0 | @a小说@x中国 |
| 690 | @aI287.45@v5 | |
| 690 | @aI247.5@v4 | |
| 701 | 0 | @a叶元@9ye yuan@4著 |
| 801 | 0 | @aCN@bTSSF@c20150125 |
| 905 | @aZUCC@dI247.5@eJY121 | |
| 三元里/叶元著.-上海:少年儿童出版社,1979 |
| 210页:图;19cm |
| ISBN :CNY0.40 |
| ● |
| 相关链接 |
|
|
|
|
正题名:三元里
索取号:I247.5/JY121
 
预约/预借
| 序号 | 登录号 | 条形码 | 馆藏地/架位号 | 状态 | 备注 |
| 1 | 7854492 | 278544924 | 学院路分馆/ [索取号:I247.5/JY121] | 在馆 |